00647 2200229 4500001002100000005001500021035002000036007000300056008004100059020002200100082001000122084001600132100001500148245010100163260004200264300003200306650000900338700001500347504003100362990001200393990001200405INLIS00000000000278320190110103303 a0010-0119000135ta190110 g 0 ind  a978-602-394-141-4 a612.3 a612.3 MIL n0 aMILDA, Ini1 aNutrisi Pintar Ibu Hamil dan Menyusui untuk Golongan Darah A /cMilda Ini; penyunting, Dewi Arum aJakarta :bBhuana Ilmu Populer,c2016 a138 hlm. :bilus. ;c18 cm. aGIZI0 aDEWI, Arum aBibliografi : hlm. 137-138 a16981 a a16981 b